000 00344nam a2200157Ia 4500
003 OSt
005 20231209105708.0
008 170524s9999 xx 000 0 und d
020 _a9780195105397
040 _cIIMT UNIVERSITY
100 _aBehforooz
245 0 _aSoftware Engineering
260 _bOxford
260 _c2003
942 _2ddc
_c02
999 _c5395
_d5395